LEADER 00958nam a2200277 i 4500 001 991000853349707536 005 20020507102331.0 008 960325s1970 fr ||| | fre 035 $ab10138754-39ule_inst 035 $aLE00637957$9ExL 040 $aDip.to Fisica$bita 084 $a621.3.9.1 084 $a621.3.9.2 100 1 $aNaslin, P.$025213 245 10$aCircuits logiques et automatismes à séquences /$cpar P. Naslin 250 $a3ème éd. 260 $aParis :$bDunod,$c1970 300 $axx, 522 p. ;$c25 cm. 490 0 $aBibliothèque de l'automaticien ;$v9 650 4$aCircuits logiques 907 $a.b10138754$b17-02-17$c27-06-02 912 $a991000853349707536 945 $aLE006 621.3.9.1 NAS$g1$i2006000050579$lle006$o-$pE0.00$q-$rl$s- $t0$u0$v0$w0$x0$y.i10164650$z27-06-02 996 $aCircuits logiques et automatismes à séquences$9186772 997 $aUNISALENTO 998 $ale006$b01-01-96$cm$da $e-$ffre$gfr $h0$i1 LEADER 02079 am 2200457 n 450 001 9910161654803321 005 20170104 010 $a2-8218-7842-7 024 7 $a10.4000/books.oep.1706 035 $a(CKB)3710000001041932 035 $a(FrMaCLE)OB-oep-1706 035 $a(oapen)https://directory.doabooks.org/handle/20.500.12854/51912 035 $a(PPN)241290120 035 $a(EXLCZ)993710000001041932 100 $a20170131j|||||||| ||| 0 101 0 $afre 135 $auu||||||m|||| 181 $ctxt$2rdacontent 182 $cc$2rdamedia 183 $acr$2rdacarrier 200 10$aLivre blanc ? Une Science ouverte dans une République numérique ? Guide stratégique $eÉtudes et propositions en vue de l?application de la loi /$fDirection de l?Information Scientifique et Technique - CNRS 210 $aMarseille $cOpenEdition Press$d2017 330 $aCe guide stratégique a été construit pour jalonner et faciliter l?application de la loi « Pour une République numérique » : il est ainsi en phase avec les visées des initiateurs du Livre blanc « Une science ouverte dans une République numérique » qui ont tous souhaité associer clairement une vision nouvelle pour la recherche et une pratique qui la traduise dans les faits. Rapport complémentaire du Livre blanc, ce guide ambitionne un accompagnement des acteurs dans des démarches souvent compl... 606 $aHumanities, Multidisciplinary 606 $aopen access 606 $aopen data 606 $aopen science 610 $aopen access 610 $aopen science 610 $aopen data 615 4$aHumanities, Multidisciplinary 615 4$aopen access 615 4$aopen data 615 4$aopen science 700 $aDirection de l?Information Scientifique et Technique - CNRS$01284139 701 $aFabre$b Renaud$0986460 801 0$bFR-FrMaCLE 906 $aBOOK 912 $a9910161654803321 996 $aLivre blanc ? Une Science ouverte dans une République numérique ? Guide stratégique$93019352 997 $aUNINA LEADER 04093nam 2200745 450 001 9910822633803321 005 20200520144314.0 010 $a1-78499-176-7 024 7 $a10.7765/9781784991760 035 $a(CKB)3710000000493232 035 $a(EBL)4083627 035 $a(MiAaPQ)EBC4083627 035 $a(Au-PeEL)EBL4083627 035 $a(CaPaEBR)ebr11118599 035 $a(CaONFJC)MIL843483 035 $a(OCoLC)927160628 035 $a(DE-B1597)660944 035 $a(DE-B1597)9781784991760 035 $a(EXLCZ)993710000000493232 100 $a20140303d2013 uy| 0 101 0 $aeng 135 $aur|n|---||||| 181 $2rdacontent 182 $2rdamedia 183 $2rdacarrier 200 10$aEmpire of scholars $euniversities, networks and the British academic world, 1850-1939 /$fTamson Pietsch 210 1$aManchester :$cManchester University Press,$d2013. 215 $a1 online resource (257 p.) 225 1 $aStudies in imperialism 300 $aDescription based upon print version of record. 311 $a0-7190-9930-7 327 $aContents; General editor's introduction; Preface and acknowledgements; Note on terminology; Abbreviations; Introduction; Part I Foundations: 1802-80; 1 Building institutions:localising 'universal' learning; Part II Connections: 1880-1914; 2 Forging links abroad:books, travelling scholarships, leave of absence; 3 Making appointments:access, exclusion and personalised trust; 4 Institutional association: mutual recognition and imperial organisation; Part III Networks: 1900-39; 5 Academic traffic:people, objects, information, ideas; 6 The Great War: mobilising colonial knowledge and connections 327 $a7 After the peace:the Universities' Bureau and the expansive nationPart IV Erosions, 1919-60s; 8 Alternative ties:national and international forces; Conclusion; Appendix A Foundation dates of universities and colleges established in Britain and the Empire before the Second World War; Appendix B Timeline of institutions granted 'affiliated'status at the University of Oxford; Bibliography; Index 330 8 $aAt the start of the twenty-first century we are acutely conscious that universities operate within an entangled world of international scholarly connection. Empire of scholars examines the networks that linked academics across the colonial world in the age of 'Victorian' globalization. Stretching across the globe, these networks helped map the boundaries of an expansive but exclusionary 'British academic world' that extended beyond the borders of the British Isles. Drawing on extensive archival research conducted in the United Kingdom, Canada, Australia, New Zealand and South Africa, this book remaps the intellectual geographies of Britain and its empire. In doing so, it provides a new context for writing the history of ideas and offers a critical analysis of the connections that helped fashion the global world of universities today. 410 0$aStudies in imperialism (Manchester, England) 606 $aEducation, Higher$zGreat Britain$xColonies$xHistory 606 $aUniversities and colleges$zGreat Britain$xColonies$xHistory 606 $aUniversities and colleges$zGreat Britain$xHistory 606 $aEducation, Higher$zGreat Britain$xHistory 610 $aAustralia. 610 $aBritain. 610 $aCanada. 610 $aNetworks. 610 $aNew Zealand. 610 $aPractice. 610 $aSociability. 610 $aSouth Africa. 610 $aSpace. 610 $aempire. 610 $aglobalisation. 610 $aknowledge. 610 $auniversities. 615 0$aEducation, Higher$xColonies$xHistory. 615 0$aUniversities and colleges$xColonies$xHistory. 615 0$aUniversities and colleges$xHistory. 615 0$aEducation, Higher$xHistory. 676 $a370 700 $aPietsch$b Tamson$f1978-$01089040 801 0$bMiAaPQ 801 1$bMiAaPQ 801 2$bMiAaPQ 906 $aBOOK 912 $a9910822633803321 996 $aEmpire of scholars$94091177 997 $aUNINA